| 000 | 01579nam a2200337 a 4500 | ||
|---|---|---|---|
| 003 | DO-SdBNP | ||
| 005 | 20260305074000.0 | ||
| 007 | ta | ||
| 008 | 220511e2021 dr |||gre||| 001 0dspa d | ||
| 020 | _a9789945613926, v.I | ||
| 020 | _a9789945613933, v.2 | ||
| 040 |
_aDO-SdBNP _bspa _cBNPHU |
||
| 082 | 4 |
_222 _bG377e |
|
| 245 | 1 | 0 |
_aEnciclopedia de la gráfica Dominicana: _b(1844- 1970) / _cCompilado, Cándido Gerón |
| 260 |
_aSanto Domingo : _bArchivo General de la Nación, _c2021 |
||
| 300 |
_a2v. : _bil. ; _c30 cm. |
||
| 490 |
_aArchivo General de la Nación; _v422 |
||
| 505 | 0 | _av.I (1844- 1970). | |
| 505 | 0 |
_aPrecisiones. _tIntroducción.-- _tEl arte rupestre hasta las vanguardias.-- _tPrecursores, 1844- 1920.-- _tGeneración de 1930.-- _tGeneración de 1940.-- _tGeneración de 1950.-- _tGeneración de 1960.-- _tArtistas extranjeros que contribuyeron al desarrollo de la gráfica dominicana. |
|
| 505 | 0 | _av.II (1971- 2020). | |
| 505 | 0 |
_aIntroducción.-- _tGeneración de 1970.-- _tGeneración de 1980.-- _tGeneración de 1990.-- _tGeneración de 2000.-- _tGeneración de 2020.-- |
|
| 590 | _aInventariado 2022 / MF | ||
| 650 | 4 |
_943779 _aPinturas _xEnciclopedias _zRepública Dominicana |
|
| 650 | 4 |
_94906 _aArtes Gráficas _vObras Ilustradas |
|
| 650 | 4 |
_934234 _aArtistas dominicanos _vBiografías _y(1844- 2020) _xRepública Dominicana |
|
| 700 | 1 |
_aGerón, Candido, _d1948- _93577 |
|
| 710 | 2 |
_aArchivo General de la Nación (República Dominicana) _985400 |
|
| 830 |
_aArchivo General de la Nación; _lspa _n422 _981598 |
||
| 910 | _aMFeliz | ||
| 942 |
_2ddc _cLBS1 |
||
| 999 |
_c51699 _d51699 |
||